| 000 | 01057nas a2200349 4500 | ||
|---|---|---|---|
| 001 | BR2016002282 | ||
| 003 | BR-BrBNA | ||
| 005 | 20231205130356.0 | ||
| 007 | ta | ||
| 008 | 230509b bl.|||p| |||| 00| 00por d | ||
| 040 |
_aBR-BrBNA _bpor _cBiblioteca Nacional de Agricultura |
||
| 041 | _a(En) | ||
| 072 | _aL73; L72 | ||
| 100 | 1 | _aPedrassani, D. | |
| 100 | 1 | _aWendt, H. | |
| 100 | 1 | _aRennau, E.A. | |
| 100 | 1 | _aPereira, S.T. | |
| 100 | 1 | _aWendt, S.B.T. | |
| 245 | 1 | _aDioctophyme renale Goeze, 1782 in a cat with a supernumerary kidney | |
| 650 | _aGATO | ||
| 650 | _aDIOCTOFIMOSE | ||
| 650 | _aNEMATOIDE | ||
| 650 | _aDIOCTOPHYME RENALE | ||
| 650 | _aDOENCA ANIMAL | ||
| 650 | _aDIAGNOSTICO | ||
| 650 | _aPARASITO DE ANIMAL | ||
| 650 | _aRIM | ||
| 773 | 0 |
_tBrazilian Journal of Veterinary Parasitology (Brazil) _xISSN 1984-2961 _g(Jan-Mar 2014), v. 23(1) p. 109-111 _wBR2016002282 |
|
| 856 | 4 | 0 | _uhttp://www.scielo.br/pdf/rbpv/v23n1/0103-846x-rbpv-23-01-109.pdf |
| 909 |
_a202311 _bLúcia _c55 _dLúcia Elande |
||
| 942 |
_2AGRIS _n0 _cANA |
||
| 999 |
_c249118 _d249118 |
||